[Event "Pombal op 13th"]
[Site "Pombal"]
[Date "2022.10.08"]
[Round "6"]
[White "Morais, Vitor Mestre"]
[Black "Alves, Fernando Pereira"]
[Result "1-0"]
[WhiteElo "1802"]
[BlackElo "1526"]
[PlyCount "109"]
[EventDate "2022.09.28"]
[EventType "swiss"]
[EventRounds "9"]
[EventCountry "POR"]
[SourceTitle "EXT 2024"]
[Source "ChessBase"]
[SourceDate "2023.10.10"]
[SourceVersion "1"]
[SourceVersionDate "2023.10.10"]
[SourceQuality "1"]

1. Nf3 d5 2. d4 Bf5 3. Bf4 Nf6 4. e3 Nbd7 5. Be2 h6 6. h3 e6 7. 0-0 Bd6 8. Bh2 Qe7 9. Nbd2 Bxh2+ 10. Nxh2 e5 11. c3 0-0 12. dxe5 Nxe5 13. Nhf3 Rad8 14. Nd4 Bc8 15. Qc2 Rfe8 16. Rae1 c5 17. Nf5 Qd7 18. Ng3 c4 19. Rd1 Qc6 20. Nf3 Qc7 21. Nd4 a6 22. Rfe1 b5 23. Bf1 Bb7 24. a3 Nfd7 25. f4 Ng6 26. Qf2 Nc5 27. Qf3 Ne4 28. Ngf5 Qb6 29. g4 Qf6 30. Re2 Nh4 31. Nxh4 Qxh4 32. Rg2 Bc8 33. Ra1 h5 34. a4 f5 35. g5 g6 36. axb5 axb5 37. Nxb5 Re6 38. Nd4 Rb6 39. Rc2 Ba6 40. Kh2 Rdb8 41. Bg2 Bc8 42. Ra2 Bd7 43. Qe2 Qg3+ 44. Kh1 Qxh3+ 45. Bxh3 Ng3+ 46. Kh2 Nxe2 47. Rxe2 Be8 48. Bg2 Bf7 49. Kg3 R8b7 50. Rd2 Re7 51. Kf2 h4 52. Nf3 Rb3 53. Nxh4 Reb7 54. Nf3 Rb8 55. Ne5 1-0

[Event "Lisbon Portugal op"]
[Site "Lisbon"]
[Date "2019.02.03"]
[Round "2"]
[White "Alves, Fernando Pereira"]
[Black "Garcia Dorado, Alberto"]
[Result "0-1"]
[WhiteElo "1651"]
[BlackElo "2223"]
[PlyCount "68"]
[EventDate "2019.02.02"]
[EventType "swiss"]
[EventRounds "9"]
[EventCountry "POR"]
[SourceTitle "CBM 188 Extra"]
[Source "ChessBase"]
[SourceDate "2019.02.26"]
[SourceVersion "1"]
[SourceVersionDate "2019.02.26"]
[SourceQuality "1"]

1. e4 e6 2. d4 d5 3. Nc3 Bb4 4. e5 c5 5. a3 Bxc3+ 6. bxc3 Ne7 7. Nf3 h6 8. h4 b6 9. Bd3 Ba6 10. a4 Bxd3 11. Qxd3 Qd7 12. Qb5 Qxb5 13. axb5 a5 14. bxa6 Rxa6 15. Rxa6 Nxa6 16. Bd2 Kd7 17. Ke2 Kc6 18. g4 Nc7 19. Ra1 Nb5 20. Kd3 c4+ 21. Ke2 Kb7 22. Ne1 h5 23. Kf3 f6 24. Rb1 Kc6 25. Rxb5 Kxb5 26. Bf4 Ng6 27. Bg3 fxe5 28. dxe5 Rf8+ 29. Ke3 hxg4 30. f4 Ne7 31. Ng2 Nf5+ 32. Kf2 Kc5 33. Ne3 d4 34. cxd4+ Kxd4 0-1

[Event "Cascais Honor"]
[Site "Cascais"]
[Date "2018.08.14"]
[Round "5"]
[White "Sa, Claudio Simao Carva"]
[Black "Alves, Fernando Pereira"]
[Result "1-0"]
[WhiteElo "1790"]
[BlackElo "1689"]
[PlyCount "57"]
[EventDate "2018.08.11"]
[EventType "tourn"]
[EventRounds "9"]
[EventCountry "POR"]
[SourceTitle "CBM 186 Extra"]
[Source "ChessBase"]
[SourceDate "2018.08.24"]
[SourceVersion "1"]
[SourceVersionDate "2018.08.24"]
[SourceQuality "1"]

1. e4 e5 2. Nf3 Nc6 3. Bc4 Bc5 4. b4 Bxb4 5. c3 Ba5 6. 0-0 d6 7. d4 Bb6 8. dxe5 Be6 9. Bb5 h6 10. Ba3 Bc5 11. Nd4 Nge7 12. exd6 Bxd6 13. Nxe6 fxe6 14. Qh5+ g6 15. Bxc6+ bxc6 16. Qg4 Kf7 17. Rd1 e5 18. c4 c5 19. Bxc5 Qb8 20. Bxd6 cxd6 21. Nc3 Qb4 22. Nb5 Rhd8 23. Nc7 Qxc4 24. Nxa8 Qc6 25. Rac1 Qxa8 26. Rc7 Qb8 27. Rdc1 Qb2 28. Qf3+ Ke8 29. Qf6 1-0

[Event "Gaia Profigaia op 18th"]
[Site "Vila Nova de Gaia"]
[Date "2018.06.29"]
[Round "3"]
[White "Alves, Fernando Pereira"]
[Black "Camacho, Filipa Fernandes Br"]
[Result "1-0"]
[WhiteElo "1716"]
[BlackElo "1258"]
[PlyCount "67"]
[EventDate "2018.06.27"]
[EventType "swiss"]
[EventRounds "7"]
[EventCountry "POR"]
[SourceTitle "CBM 185 Extra"]
[Source "ChessBase"]
[SourceDate "2018.07.29"]
[SourceVersion "1"]
[SourceVersionDate "2018.07.29"]
[SourceQuality "1"]

1. e4 c5 2. Nf3 Nc6 3. d4 cxd4 4. Nxd4 e5 5. Nb3 Nf6 6. Bc4 Nxe4 7. Bxf7+ Kxf7 8. Qd5+ Ke8 9. Qxe4 d5 10. Qe2 Be6 11. Nc3 d4 12. Ne4 b6 13. 0-0 Be7 14. f4 Rf8 15. Ng3 Bxb3 16. axb3 exf4 17. Bxf4 Rf7 18. Qe4 Nb4 19. Rae1 g6 20. Bd6 Nxc2 21. Bxe7 Rxe7 22. Qc6+ Qd7 23. Qxa8+ Qd8 24. Qc6+ Qd7 25. Rxe7+ Kxe7 26. Rf7+ Kxf7 27. Qxd7+ Kf6 28. Qc6+ Kg5 29. Qxc2 a5 30. Kf2 Kf4 31. Qe4+ Kg5 32. Qe7+ Kf4 33. Qf6+ Kg4 34. h3# 1-0

[Event "Gaia Profigaia op 18th"]
[Site "Vila Nova de Gaia"]
[Date "2018.06.29"]
[Round "4"]
[White "Borges, Rafael Peres"]
[Black "Alves, Fernando Pereira"]
[Result "0-1"]
[WhiteElo "1383"]
[BlackElo "1716"]
[PlyCount "56"]
[EventDate "2018.06.27"]
[EventType "swiss"]
[EventRounds "7"]
[EventCountry "POR"]
[SourceTitle "CBM 185 Extra"]
[Source "ChessBase"]
[SourceDate "2018.07.29"]
[SourceVersion "1"]
[SourceVersionDate "2018.07.29"]
[SourceQuality "1"]

1. d4 Nf6 2. c4 c5 3. Nf3 g6 4. Nc3 Bg7 5. Bf4 0-0 6. e3 a6 7. h3 Qa5 8. Qc2 d6 9. Be2 cxd4 10. Nxd4 Nc6 11. a3 Bd7 12. Nb3 Qd8 13. 0-0 Rc8 14. Rad1 Na5 15. Nxa5 Qxa5 16. Bg5 Be6 17. Bxf6 Bxf6 18. Nd5 Bxd5 19. Rxd5 Qxd5 20. Rc1 Qa5 21. Bg4 Rc7 22. g3 b5 23. Qb3 bxc4 24. Rxc4 Rxc4 25. Qxc4 Bxb2 26. h4 h5 27. Bf3 Qb5 28. Qxb5 axb5 0-1

[Event "Gaia Profigaia op 18th"]
[Site "Vila Nova de Gaia"]
[Date "2018.06.27"]
[Round "1"]
[White "Alves, Fernando Pereira"]
[Black "Pereira, Afonso Jose Abreu"]
[Result "1-0"]
[WhiteElo "1716"]
[BlackElo "1165"]
[PlyCount "39"]
[EventDate "2018.06.27"]
[EventType "swiss"]
[EventRounds "7"]
[EventCountry "POR"]
[SourceTitle "CBM 185 Extra"]
[Source "ChessBase"]
[SourceDate "2018.07.29"]
[SourceVersion "1"]
[SourceVersionDate "2018.07.29"]
[SourceQuality "1"]

1. e4 d5 2. exd5 Qxd5 3. Nf3 Qd6 4. d4 Nf6 5. c4 a6 6. Nc3 Bg4 7. Be2 Nbd7 8. Be3 Bxf3 9. Bxf3 0-0-0 10. c5 Qe6 11. Qe2 c6 12. 0-0 g6 13. b4 Bg7 14. a4 Nd5 15. Nxd5 cxd5 16. b5 Nb8 17. c6 bxc6 18. Rfc1 Rd6 19. bxa6 Rd7 20. a7 1-0

[Event "POR-ch Seniors 65"]
[Site "Luso"]
[Date "2018.03.27"]
[Round "4"]
[White "Viana, Eduardo Escudeiro"]
[Black "Alves, Fernando Pereira"]
[Result "0-1"]
[WhiteElo "1558"]
[BlackElo "1718"]
[PlyCount "56"]
[EventDate "2018.03.25"]
[EventType "swiss"]
[EventRounds "5"]
[EventCountry "POR"]
[SourceTitle "EXT 2019"]
[Source "ChessBase"]
[SourceDate "2018.10.10"]
[SourceVersion "1"]
[SourceVersionDate "2018.10.10"]
[SourceQuality "1"]

1. d4 Nf6 2. c4 c5 3. d5 b5 4. cxb5 a6 5. bxa6 Bxa6 6. Nc3 d6 7. e4 Bxf1 8. Kxf1 g6 9. g3 Bg7 10. Nf3 0-0 11. Kg2 Qb6 12. Qe2 Nbd7 13. a4 Rfb8 14. Nb5 Ne8 15. Nd2 Qa6 16. Re1 Rxb5 17. e5 dxe5 18. Ra3 Rb4 19. Qf3 Nd6 20. h4 Rxa4 21. Rae3 Rb8 22. h5 Nc4 23. Nxc4 Rxc4 24. hxg6 hxg6 25. Rh1 Rd4 26. Ra3 Qd6 27. Rd3 e4 28. Qd1 Rxd3 0-1

[Event "Gaia Profigaia op 17th"]
[Site "Vila Nova de Gaia"]
[Date "2017.06.17"]
[Round "5"]
[White "Alves, Fernando Pereira"]
[Black "Pintor, Simao Maciel Abranc"]
[Result "0-1"]
[WhiteElo "1750"]
[BlackElo "2022"]
[PlyCount "104"]
[EventDate "2017.06.14"]
[EventType "swiss"]
[EventRounds "7"]
[EventCountry "POR"]
[SourceTitle "CBM 179 Extra"]
[Source "ChessBase"]
[SourceDate "2017.08.23"]
[SourceVersion "1"]
[SourceVersionDate "2017.08.23"]
[SourceQuality "1"]

1. e4 c5 2. Nf3 Nc6 3. d4 cxd4 4. Nxd4 g6 5. c4 Bg7 6. Be3 Nf6 7. Nc3 0-0 8. Be2 d6 9. Nc2 a5 10. f3 Be6 11. Rb1 a4 12. 0-0 Nd7 13. Kh1 a3 14. Nd4 axb2 15. Rxb2 Nc5 16. Qd2 Ra3 17. Ndb5 Qa5 18. Rc1 Na4 19. Rb3 Rxb3 20. axb3 Nc5 21. Bd1 Qb4 22. Qc2 Na5 23. Bxc5 dxc5 24. Ra1 Bxc3 25. Nxc3 Rd8 26. h3 h5 27. Ra4 Qb6 28. Nd5 Bxd5 29. exd5 Qc7 30. Qe4 b6 31. Bc2 Rd6 32. Ra1 e6 33. Rd1 Qd8 34. Qe5 exd5 35. cxd5 b5 36. Qa1 Nb7 37. Qa7 Rxd5 38. Rxd5 Qxd5 39. Be4 Qd1+ 40. Kh2 Qd6+ 41. Kh1 Nd8 42. Qa8 Kg7 43. Bd5 Ne6 44. Qb7 Nc7 45. Bc6 c4 46. bxc4 bxc4 47. Qb2+ Qf6 48. Qxf6+ Kxf6 49. Kg1 Ke5 50. Kf2 Kd4 51. Ke2 Kc3 52. Kd1 Kb2 0-1

[Event "POR-ch Seniors 65+"]
[Site "Luso"]
[Date "2017.04.10"]
[Round "3"]
[White "Alves, Fernando Pereira"]
[Black "Nunes, Adelino Vitor"]
[Result "1-0"]
[WhiteElo "1735"]
[BlackElo "1551"]
[PlyCount "65"]
[EventDate "2017.04.09"]
[EventType "swiss"]
[EventRounds "5"]
[EventCountry "POR"]
[SourceTitle "EXT 2018"]
[Source "ChessBase"]
[SourceDate "2017.10.13"]
[SourceVersion "1"]
[SourceVersionDate "2017.10.13"]
[SourceQuality "1"]

1. e4 d6 2. d4 g6 3. Be2 Bg7 4. Be3 Nf6 5. Nc3 Nbd7 6. f3 0-0 7. h4 e5 8. d5 Nh5 9. Qd2 Bf6 10. Bg5 a6 11. 0-0-0 b5 12. Nh3 Nb6 13. g4 Ng3 14. Rhg1 Nxe2+ 15. Qxe2 Bxg5+ 16. hxg5 Kg7 17. Qf2 Rh8 18. Qh4 Bd7 19. Qh6+ Kg8 20. b3 Qf8 21. f4 exf4 22. Nxf4 Qg7 23. Nce2 Qa1+ 24. Kd2 Qxa2 25. Nd3 Qa5+ 26. Ke3 Nc8 27. Qh2 Qb6+ 28. Kd2 Ne7 29. Qf4 c5 30. Qf6 Nc8 31. Rdf1 Be8 32. Ndf4 Bd7 33. Nxg6 1-0

[Event "POR-ch Seniors 65+"]
[Site "Luso"]
[Date "2017.04.09"]
[Round "1"]
[White "Alves, Fernando Pereira"]
[Black "Henriques, Rui Teives"]
[Result "1-0"]
[WhiteElo "1735"]
[BlackElo "1386"]
[PlyCount "61"]
[EventDate "2017.04.09"]
[EventType "swiss"]
[EventRounds "5"]
[EventCountry "POR"]
[SourceTitle "EXT 2018"]
[Source "ChessBase"]
[SourceDate "2017.10.13"]
[SourceVersion "1"]
[SourceVersionDate "2017.10.13"]
[SourceQuality "1"]

1. e4 c5 2. Nf3 d6 3. d4 cxd4 4. Nxd4 Nf6 5. Nc3 a6 6. Be2 e6 7. Be3 Be7 8. Qd2 0-0 9. g4 e5 10. Nf5 Nc6 11. g5 Ne8 12. 0-0-0 g6 13. Nh6+ Kg7 14. h4 Be6 15. Nd5 Bxd5 16. exd5 Na7 17. Rdg1 Nc7 18. f4 Nab5 19. f5 f6 20. gxf6+ Bxf6 21. h5 Nd4 22. c3 Nxe2+ 23. Qxe2 Nxd5 24. fxg6 Nf4 25. Nf5+ Kg8 26. Qg4 h6 27. Nxh6+ Kg7 28. Nf5+ Kh8 29. g7+ Kh7 30. Qg6+ Nxg6 31. hxg6+ 1-0

[Event "Lisbon Portugal op"]
[Site "Lisbon"]
[Date "2017.02.04"]
[Round "2"]
[White "Pina, Tiago Miguel Catala"]
[Black "Alves, Fernando Pereira"]
[Result "0-1"]
[WhiteElo "1053"]
[BlackElo "1727"]
[PlyCount "64"]
[EventDate "2017.02.04"]
[EventType "swiss"]
[EventRounds "9"]
[EventCountry "POR"]
[SourceTitle "CBM 176 Extra"]
[Source "ChessBase"]
[SourceDate "2017.03.02"]
[SourceVersion "1"]
[SourceVersionDate "2017.03.02"]
[SourceQuality "1"]

1. e4 e5 2. Nf3 Nc6 3. Bb5 Nd4 4. Bc4 Qf6 5. Nxd4 exd4 6. d3 d6 7. 0-0 Qg6 8. Qf3 Nf6 9. Nd2 Bg4 10. Qg3 Nh5 11. Qxg4 Qxg4 12. Nf3 h6 13. h3 Qd7 14. a3 c5 15. b4 g5 16. Nh2 Bg7 17. Ng4 Nf6 18. Nxf6+ Bxf6 19. f4 g4 20. f5 gxh3 21. gxh3 Be5 22. Kh1 0-0-0 23. b5 Rdg8 24. Rf3 Rh7 25. Bd2 Rhg7 26. Rf2 Qe7 27. Raf1 Qh4 28. Rf3 Rg2 29. Bf4 Bxf4 30. R1f2 Rh2+ 31. Rxh2 Qe1+ 32. Rf1 Qxf1# 0-1

[Event "POR-ch Seniors 65+"]
[Site "Luso"]
[Date "2016.07.21"]
[Round "1"]
[White "Alves, Fernando Pereira"]
[Black "Assuncao, Jose Manuel Lopes"]
[Result "1-0"]
[WhiteElo "1745"]
[BlackElo "1416"]
[PlyCount "69"]
[EventDate "2016.07.21"]
[EventType "swiss"]
[EventRounds "5"]
[EventCountry "POR"]
[SourceTitle "EXT 2018"]
[Source "ChessBase"]
[SourceDate "2017.10.13"]
[SourceVersion "1"]
[SourceVersionDate "2017.10.13"]
[SourceQuality "1"]

1. e4 d5 2. exd5 Qxd5 3. d4 Bf5 4. Be3 c6 5. c4 Qd8 6. Nc3 e6 7. Nf3 h6 8. Bd3 Bxd3 9. Qxd3 Nf6 10. h3 Be7 11. 0-0-0 Nbd7 12. Kb1 Qa5 13. g4 Bb4 14. Rc1 0-0-0 15. Nd2 Nc5 16. Qe2 Bxc3 17. Rxc3 Na6 18. Ra3 Qc7 19. Nb3 Nd7 20. Qf3 Nb6 21. Bf4 Qe7 22. Rxa6 f6 23. Bg3 e5 24. Rxa7 Rd7 25. Nc5 Rc7 26. Qa3 Kb8 27. Na6+ Kxa7 28. Nxc7+ Qxa3 29. bxa3 exd4 30. Ne6 Rg8 31. Rc1 Nd7 32. Nxd4 c5 33. Nb5+ Kb6 34. Bc7+ Kc6 35. Rd1 1-0

[Event "Gaia Profigaia op 9th"]
[Site "Vila Nova de Gaia"]
[Date "2016.06.28"]
[Round "7"]
[White "Alves, Fernando Pereira"]
[Black "Mendes, Antonio"]
[Result "1-0"]
[WhiteElo "1765"]
[BlackElo "1501"]
[PlyCount "69"]
[EventDate "2016.06.24"]
[EventType "swiss"]
[EventRounds "7"]
[EventCountry "POR"]
[SourceTitle "EXT 2018"]
[Source "ChessBase"]
[SourceDate "2017.10.13"]
[SourceVersion "1"]
[SourceVersionDate "2017.10.13"]
[SourceQuality "1"]

1. e4 c5 2. Nf3 Nc6 3. c4 d6 4. Nc3 Nf6 5. h3 g6 6. Be2 Bg7 7. d3 a6 8. Be3 Rb8 9. Qd2 b5 10. 0-0 0-0 11. Rad1 Qa5 12. cxb5 axb5 13. a3 b4 14. Nb1 Nd7 15. d4 cxd4 16. Nxd4 Nxd4 17. Bxd4 Bxd4 18. Qxd4 bxa3 19. Nxa3 Nf6 20. f3 Qg5 21. f4 Qa5 22. e5 dxe5 23. fxe5 Rb4 24. Nc4 Qa8 25. exf6 exf6 26. Qc5 Rb3 27. Rf3 Bxh3 28. Rxh3 Rxh3 29. gxh3 Re8 30. Kf2 Qe4 31. Rd2 Qh4+ 32. Kg2 Qe4+ 33. Bf3 Qe1 34. Qf2 Qe6 35. Re2 1-0

[Event "Portugal op"]
[Site "Oeiras"]
[Date "2015.09.01"]
[Round "4"]
[White "Leao, Tiago Miguel da S"]
[Black "Alves, Fernando Pereira"]
[Result "1-0"]
[WhiteElo "1969"]
[BlackElo "1749"]
[PlyCount "85"]
[EventDate "2015.08.30"]
[EventType "swiss"]
[EventRounds "9"]
[EventCountry "POR"]
[SourceTitle "EXT 2016"]
[Source "ChessBase"]
[SourceDate "2015.10.08"]
[SourceVersion "1"]
[SourceVersionDate "2015.10.08"]
[SourceQuality "1"]

1. e4 e5 2. Nf3 Nc6 3. d4 exd4 4. Bc4 Qe7 5. 0-0 h6 6. Nxd4 Nxd4 7. Qxd4 Qc5 8. Qd3 Ne7 9. Be3 Qh5 10. Nc3 c6 11. f4 b6 12. Rad1 Qa5 13. e5 b5 14. Bb3 b4 15. Ne4 Nd5 16. Bxd5 Qxd5 17. Qxd5 cxd5 18. Rxd5 Bb7 19. Nd6+ Bxd6 20. Rxd6 Bc6 21. Bc5 Rb8 22. Rfd1 a6 23. R1d4 a5 24. a3 bxa3 25. Bxa3 g6 26. Kf2 Rb5 27. c4 Rb3 28. Ke2 0-0 29. Rxc6 dxc6 30. Bxf8 Rxb2+ 31. Rd2 Rxd2+ 32. Kxd2 Kxf8 33. Kc3 Ke7 34. Kb3 f6 35. exf6+ Kxf6 36. Ka4 Kf5 37. Kxa5 Ke4 38. Kb6 Kd4 39. c5 Kd5 40. g4 h5 41. f5 gxf5 42. gxf5 h4 43. f6 1-0

[Event "Portugal op"]
[Site "Oeiras"]
[Date "2015.08.31"]
[Round "3"]
[White "Alves, Fernando Pereira"]
[Black "Prazeres, Tiago Pires Azevedo"]
[Result "1-0"]
[WhiteElo "1749"]
[BlackElo "1402"]
[PlyCount "89"]
[EventDate "2015.08.30"]
[EventType "swiss"]
[EventRounds "9"]
[EventCountry "POR"]
[SourceTitle "EXT 2016"]
[Source "ChessBase"]
[SourceDate "2015.10.08"]
[SourceVersion "1"]
[SourceVersionDate "2015.10.08"]
[SourceQuality "1"]

1. e4 e5 2. Nf3 Nc6 3. Bc4 Bc5 4. c3 Nf6 5. d4 exd4 6. e5 d5 7. Bb5 Ne4 8. cxd4 Bb4+ 9. Nbd2 Bg4 10. Qa4 Bd7 11. 0-0 a5 12. a3 Bxd2 13. Nxd2 0-0 14. Nxe4 dxe4 15. Be3 h6 16. Rad1 Qe7 17. Qb3 h5 18. Be2 h4 19. f4 exf3 20. Bxf3 Ra6 21. Rf2 Rb6 22. Qa2 Nd8 23. Rdf1 Bb5 24. Be2 Bxe2 25. Rxe2 Rg6 26. Qd5 b6 27. Rf5 h3 28. Rh5 hxg2 29. Rxg2 c6 30. Qe4 Rxg2+ 31. Kxg2 g6 32. Bg5 Qe6 33. Rh8+ Kxh8 34. Bf6+ Kg8 35. Qh4 Qxf6 36. exf6 Ne6 37. Qe4 c5 38. d5 Ng5 39. Qe5 Nh7 40. h4 Rd8 41. h5 gxh5 42. Qg3+ Kf8 43. Qg7+ Ke8 44. Qxh7 Rxd5 45. Qe4+ 1-0

[Event "Gaia Profigaia op 8th"]
[Site "Vila Nova de Gaia"]
[Date "2015.07.03"]
[Round "8"]
[White "Alves, Fernando Pereira"]
[Black "Castro, Joao Pedro Bastos"]
[Result "1/2-1/2"]
[WhiteElo "1754"]
[BlackElo "1441"]
[PlyCount "37"]
[EventDate "2015.06.27"]
[EventType "swiss"]
[EventRounds "9"]
[EventCountry "POR"]
[SourceTitle "EXT 2018"]
[Source "ChessBase"]
[SourceDate "2017.10.13"]
[SourceVersion "1"]
[SourceVersionDate "2017.10.13"]
[SourceQuality "1"]

1. e4 b6 2. d4 Bb7 3. c4 Bxe4 4. d5 e6 5. f3 Bg6 6. Bd2 Bc5 7. Bc3 Nf6 8. Bd3 Bxd3 9. Qxd3 Qe7 10. Ne2 c6 11. dxe6 fxe6 12. Nd2 0-0 13. 0-0-0 Bb4 14. Ng3 Bxc3 15. Qxc3 Na6 16. Rhe1 Qb4 17. Qe3 Qc5 18. Qc3 Qb4 19. Qe3 1/2-1/2

[Event "Gaia Profigaia op 8th"]
[Site "Vila Nova de Gaia"]
[Date "2015.06.30"]
[Round "6"]
[White "Alves, Fernando Pereira"]
[Black "Clemente, Antonio"]
[Result "1-0"]
[WhiteElo "1754"]
[BlackElo "1405"]
[PlyCount "57"]
[EventDate "2015.06.27"]
[EventType "swiss"]
[EventRounds "9"]
[EventCountry "POR"]
[SourceTitle "EXT 2018"]
[Source "ChessBase"]
[SourceDate "2017.10.13"]
[SourceVersion "1"]
[SourceVersionDate "2017.10.13"]
[SourceQuality "1"]

1. e4 e5 2. Nf3 Nc6 3. Bc4 Nf6 4. d3 Be7 5. Nc3 d6 6. h3 0-0 7. a3 h6 8. Be3 a6 9. Qd2 Kh7 10. g4 Be6 11. Nd5 Bxd5 12. exd5 e4 13. dxe4 Ne5 14. Nxe5 dxe5 15. Bd3 Ng8 16. 0-0-0 Bg5 17. Rdf1 Bxe3 18. Qxe3 g5 19. h4 f6 20. Rh3 Kg7 21. Be2 Qe7 22. Qb3 b6 23. Rc3 Rfd8 24. Qc4 Qd6 25. Qxc7+ Ne7 26. hxg5 fxg5 27. Rc6 Qd7 28. Qxe5+ Kh7 29. Rc7 1-0

[Event "POR-ch prel"]
[Site "Lisbon"]
[Date "2015.03.09"]
[Round "3"]
[White "Santos, Micael Costa"]
[Black "Alves, Fernando Pereira"]
[Result "1-0"]
[WhiteElo "1962"]
[BlackElo "1724"]
[PlyCount "47"]
[EventDate "2015.03.08"]
[EventType "swiss"]
[EventRounds "9"]
[EventCountry "POR"]
[SourceTitle "EXT 2018"]
[Source "ChessBase"]
[SourceDate "2017.10.13"]
[SourceVersion "1"]
[SourceVersionDate "2017.10.13"]
[SourceQuality "1"]

1. d4 Nf6 2. Nc3 g6 3. e4 d6 4. Nf3 Bg7 5. Bg5 0-0 6. Qd2 Re8 7. Bh6 Bh8 8. h4 Bg4 9. 0-0-0 Nc6 10. d5 Ne5 11. Be2 Nxf3 12. Bxf3 Bxf3 13. gxf3 Nh5 14. Rdg1 f6 15. f4 Kf7 16. f5 Rg8 17. Qe2 a6 18. Qg4 Qc8 19. f4 b5 20. fxg6+ hxg6 21. f5 Ng7 22. Qxg6+ Kf8 23. Ne2 Qe8 24. Qh7 1-0